000 00312nam a2200133 i 4500
001 bg
100 1 _aZAWADZKA, Anna
245 0 _aWartość wypoczynku studentów /
_cAnna Zawadzka.
260 _aWrocław,
_c1983.
040 _cBPK
041 _apol
942 _cKS
008 s pl f |000 0 pol
999 _c28159
_d28159
856 _uhttp://koha.tu.koszalin.pl/cgi-bin/koha/opac-detail.pl?biblionumber=28159
_yKatalog online BPK